| 000 | 00853cam a2200241 4500 | ||
|---|---|---|---|
| 001 | ABS62720 | ||
| 008 | 000000n2000 000 0 eng u | ||
| 035 | _a(Sirsi) u107765 | ||
| 100 | _aLevene, K. | ||
| 245 | _aAdded extras | ||
| 260 | _c2000 | ||
| 490 |
_aBuilding _v265(8145) 14 July 2000, 67(1) |
||
| 520 | _aConsiders the decision in "Petrotrade Inc v Texaco Ltd" which gives new guidance concerning penalties on defendants who fail to accept a claimant's offer of settlement. The CA's approach seems to flavour flexibility to achieve a balance of fairness. | ||
| 590 | _aABS | ||
| 650 |
_aDISPUTE RESOLUTION _96236 |
||
| 650 | _aPETROTRADE INC V TEXACO LTD | ||
| 650 | _aCIVIL PROCEDURE RULES PART 36 | ||
| 650 | _aPART 36 OFFERS | ||
| 650 | _aWOOLF REFORMS | ||
| 650 | _aCOSTS | ||
| 690 |
_aDispute resolution _96236 |
||
| 942 | _n0 | ||
| 999 |
_c64370 _d64370 |
||